Pays avec la lettre J - Statistiques

Statistiques générales
  • Ce quiz a été pris 834 fois
  • Le résultat moyen est 4 sur 7
Statistiques - réponses
Réponses % Correct
Jordanie
91%
Jamaïque
84%
Japon
82%
Azerbaïdjan
41%
Tadjikistan
38%
Fidji
34%
Djibouti
27%
Aucun quiz correspondant
Distribution des résultats
% des personnes avec chaque résultat
Percentile par nombre de réponses
Votre historique - résultats
Vous n’avez pas pris ce quiz